| 000 | 00438nam a22001577a 4500 | ||
|---|---|---|---|
| 005 | 20250220115300.0 | ||
| 008 | 250214b |||||||| |||| 00| 0 eng d | ||
| 020 | _a9971644606 | ||
| 040 | _cPK-LaUMT | ||
| 082 |
_a613 _bCOL-M |
||
| 100 |
_aColeman, Vernon _94611 |
||
| 245 |
_aMindpower : _bhow to use your mind to heal your body / _cby Vernon Coleman |
||
| 260 |
_aSingapore : _bHeinemann Asia, _c1995 |
||
| 300 | _a247 p. | ||
| 942 | _cBK | ||
| 999 |
_c136908 _d136908 |
||